000
00252nam a22000977a 4500
100
_a
Thakur,Vipin
_9
80084
245
_a
India's Relation with Asian Countries
260
_a
New Delhi
_b
Neha Publisher
_c
2019
650
_a
forgion Policy
_9
80085
942
_c
BK
999
_c
63568
_d
63568